000 00726nam a2200253#a 4500
001 00699
003 HDC
007 ta
008 230623s2004 xx 000 0 eng d
020 _a9833109063 (hbk.).
040 _aHDC
050 _aCT 1568
_b.W36 2004
100 _aWan Mansor Wan Abdullah,
_cDato'
245 0 _aService Par excellence /
_cDato' Wan Mansor Wan Abdullah
264 _aKuala Lumpur :
_bInstitut Tadbiran Awam Negara,
_c2004
300 _axii,417p. :
_b ill. ;
_c 24cm.
500 _aIncludes bibliographical references and index
650 _aCivil service
_zMalaysia
650 _aPublic administration
_zMalaysia
942 _2lcc
942 _cBK
942 _kCT 1568
942 _m.W36 2004
999 _c22314
_d22314